Statistiques concernant Les pays d'Asie dans l'ordre alphabétique

Cliquez ici pour prendre le quiz!

Statistiques générales

  • Ce quiz a été pris 49 fois
  • Le résultat moyen est 34 sur 48

Statistiques - réponses

LETTREPAYS% Correct
AAfghanistan
95%
AAzerbaïdjan
87%
CChine
87%
AArabie Saoudite
85%
IIndonésie
85%
JJordanie
85%
CCorée du Nord
82%
CCorée du Sud
82%
IInde
82%
IIrak
82%
JJapon
82%
LLaos
82%
OOman
82%
BBhoutan
79%
EEmirats Arabes Unis
79%
IIran
79%
QQatar
79%
YYémen
79%
AArménie
77%
IIsraël
77%
CCambodge
74%
NNépal
74%
OOuzbékistan
74%
TTurkménistan
74%
GGéorgie
72%
KKazakhstan
72%
KKirghizistan
72%
KKoweït
72%
LLiban
72%
PPakistan
72%
TTadjikistan
72%
VViêt Nam
72%
MMongolie
69%
BBahreïn
67%
BBangladesh
67%
MMalaisie
67%
PPhilippines
64%
TTurquie
64%
TThaïlande
62%
BBrunei
59%
SSingapour
56%
MMyanmar
54%
SSyrie
54%
SSri Lanka
51%
RRussie
49%
TTaïwan
49%
TTimor Oriental
49%
MMaldives
46%

Distribution des résultats

Percentile par nombre de réponses

% des personnes avec chaque résultat

Votre développement - résultats

Vous n’avez pas pris ce quiz